• 首页
  • 本馆介绍
  • 公告通知
  • 最新文献
  • 馆藏检索
  • 电子资源
  • 读者导购
  • 参考咨询
  • 我的图书馆
  • 登录
  • 详细信息显示
  • 放入我的书架
  • 预约/预借图书
  • 作者相关作品
  • 分类相关作品
  • 丛书相关作品
  • 出版社相关作品

书目信息

  • 表格格式
  • 工作单格式
  • 卡片格式
题名:
隐私与传媒
    
 
作者: 罗森伯格 著 ;马特 译
分册:  
出版信息: 北京   中国法制出版社  2012
页数: 22,254页
开本: 23cm
丛书名:
单 册:
中图分类: D956.13 , G206.2
科图分类:
主题词: 传播媒介--关系--隐私权--研究--英国 , 传播媒介 , 隐私权
电子资源:
ISBN: 978-7-5093-3455-3
000 01103nam0 2200289 450
001 523
005 20140908110556.04
010    @a978-7-5093-3455-3@dCNY45.00
100    @a20120502d2012 em y0chiy50 ea
101 1  @achi@ceng
102    @aCN@b110000
105    @ay z 000yy
106    @ar
200 1  @a隐私与传媒@AYin Si Yu Chuan Mei@dPrivacy and the press@f(英)约书亚·罗森伯格著@F( Ying ) Yue Shu Ya· Luo Sen Bo Ge Zhu@g马特[等]译@zeng
210    @a北京@c中国法制出版社@d2012
215    @a22,254页@d23cm
330    @a本书主要论述了隐私与传媒的关系,内容涉及保密义务与隐私权的关系、言论自由、私生活的尊重、新闻制度的监管、寒蝉效应、负责的新闻媒体以及对未来的展望等,充分体现了如何在隐私保护和言论自由之间达到合理的平衡。
510 1  @aPrivacy and the press@zeng
606 0  @a传播媒介@x关系@x隐私权@x研究@y英国
606 0  @a传播媒介
606 0  @a隐私权
690    @aD956.13@v5
690    @aG206.2@v5
701  0 @c(英)@a罗森伯格@ALuo Sen Bo Ge@c(Rozenberg, Joshua)@4著
702  0 @a马特@AMa Te@f(1977~)@4译
801  0 @aCN@bTANGWEI@c20140603
905    @b0840908-10@dD956.13@e98@f3
    
    隐私与传媒=Privacy and the press/(英)约书亚·罗森伯格著/马特[等]译.-北京:中国法制出版社,2012
    22,254页;23cm
    
    
    ISBN 978-7-5093-3455-3:CNY45.00
    本书主要论述了隐私与传媒的关系,内容涉及保密义务与隐私权的关系、言论自由、私生活的尊重、新闻制度的监管、寒蝉效应、负责的新闻媒体以及对未来的展望等,充分体现了如何在隐私保护和言论自由之间达到合理的平衡。
●
相关链接 在E读中查询图书 在五车中查询图书 在当当中查询图书 在豆瓣中查询图书


正题名:隐私与传媒     索取号:D956.13/98         预约/预借

序号 登录号 条形码 馆藏地/架位号 状态 备注
1 0840908   208409088   第一样本阅览室/ [索取号:D956.13/98] 在馆    
2 0840909   208409097   第一借阅区/ [索取号:D956.13/98] 在馆    
3 0840910   208409104   密集书库-史法系/ [索取号:D956.13/98] 在馆    
唐山师范学院图书馆 欢迎您!
大连网信软件有限公司© 版权所有